| 000 | 00635nam a2200241 a 4500 | ||
|---|---|---|---|
| 001 | nice12345678 | ||
| 003 | IN_TiNIC | ||
| 005 | 20260116014105.0 | ||
| 008 | 070809s2006 oxfa grp 000 0 eng | ||
| 020 |
_a1851683011 _c395 |
||
| 082 | 0 | 0 |
_a190.3 _bTHI |
| 100 | _aThiselton, Anthony C | ||
| 245 | _aConcise Encyclopedia of the Philosophy of Religion | ||
| 260 |
_aOxford _bOne World Publications _c2006 |
||
| 300 | _a344p | ||
| 500 | _aincludes index and biblioraphy | ||
| 505 | 2 | _aindex | |
| 650 | _aPhilosophy-Encyclopedia | ||
| 700 | 1 | _aThiselton, Anthony C | |
| 902 | _bSRS | ||
| 942 | _cBK | ||
| 999 |
_c13833 _d13833 |
||